[Event "World U16-ch10"]
[Site "Champigny sur Marne"]
[Date "1984.04.??"]
[Round "11"]
[White "Rachels, Stuart"]
[Black "Ivanchuk, Vassily"]
[Result "0-1"]
[WhiteElo "2388"]
[BlackElo "2390"]
[Annotator "Primel,D"]
[PlyCount "92"]
[EventDate "1984.04.01"]
[EventType "swiss"]
[EventRounds "11"]
[EventCountry "FRA"]
[SourceTitle "EXT 2015"]
[Source "ChessBase"]
[SourceDate "2014.11.20"]
[SourceVersion "1"]
[SourceVersionDate "2014.11.20"]
[SourceQuality "1"]
[TimeControl "40/9000:16/5400:0"]

1. e4 {L'américain s'est effondré en fin de tournoi. Il était encore en
course pour le titre mais il a perdu la veille contre PIKET.} d6 2. d4 g6 3.
Nc3 Bg7 4. Nf3 Bg4 (4... Nf6 {La grande ligne}) 5. Be3 (5. Be2) (5. Bc4) 5...
Nc6 6. Bb5 {[%cal Gd4d5]} a6 {[%emt 2:19:00]} 7. Bxc6+ bxc6 8. h3 Bd7 $1 (8...
Bxf3 $143 9. Qxf3 $32 Qd7 10. e5 Nh6 11. O-O-O O-O 12. Rhe1 Kh8 13. Bf4 Rab8
14. g4 Rb4 15. Kb1 a5 16. Bg5 Ng8 17. a3 Rb6 18. h4 f5 19. gxf5 Qxf5 20. Qxf5
Rxf5 21. Bxe7 Nxe7 22. exd6 Ng8 23. dxc7 Rf8 24. Re6 Rc8 25. Nd5 Ra6 26. Rd3 a4
27. Rc3 Ra5 {1/2-1/2 (27) Tal,M (2645)-Hort,V (2600) Moscow 1975}) 9. O-O $146
(9. Qd2 Qb8 (9... Nf6 10. O-O) 10. Rb1 Nf6 11. Bh6 O-O 12. O-O Qb7 13. Rfe1
Rae8 14. e5 Nd5 15. Ne2 f6 16. Bxg7 Kxg7 17. c4 Nb6 18. b3 fxe5 19. dxe5 Rxf3
20. gxf3 Bxh3 21. Rbd1 Qc8 22. Qc3 Kg8 23. Nf4 Qf5 24. Nxh3 Qxh3 25. exd6 cxd6
26. Rxd6 Nd7 27. Rde6 Kf7 28. Qe3 Nf8 29. Rxe7+ Rxe7 30. Qxe7+ Kg8 31. Qf6 {
1-0 (31) Stean,M (2485)-Kotov,A (2500) London 1977}) 9... e6 (9... Rb8 {
Plus naturel et la poussée e6 est un peu passive} 10. Rb1) 10. e5 f5 11. Bf4 (
11. Bg5 $1 Ne7 12. Qd2 $14 {[%cal Gg5h6]}) 11... Qb8 12. Na4 c5 13. c3 cxd4 (
13... Ne7 14. Rb1 O-O 15. b4 cxb4 16. cxb4) 14. cxd4 Ne7 15. exd6 cxd6 16. Nc5
$1 Nd5 17. Bh2 (17. Nxd7 $142 $5 Kxd7 18. Bc1 {Le Bc1 est assez mal placé
mais il a davantage de perspectives que le Bh2 joué dans la partie}) 17... f4
$1 {[%csl Rh2][%cal Gd6c5]} 18. Nxd7 Kxd7 $13 19. Re1 Re8 20. Qd3 Bh6 $1 $17 {
[%csl Rh2] Les Blancs jouent avec une pièce enfermée} 21. Re2 Qb5 22. Qe4 Nf6
23. Qc2 Rac8 $1 {Les Noirs ont terminé le développement et l'activité des
pièces Noires empêchent les Blancs d'attaquer le K Noir} 24. Qd2 Nd5 25. Rae1
Re7 26. h4 Qc4 27. a3 Qb3 $36 {[%cal Gc8c2]} 28. Rc1 $6 {Après l'échange des
R, le problème du Bh2 sera encore plus crucial} Ree8 29. Ree1 Rxc1 $1 30. Rxc1
Rc8 31. Rxc8 Kxc8 {[%csl Rh2]} 32. Ne1 Kd7 33. Qc2 $2 {[%csl Rh2] Un suicide
positionnel car les Blancs jouent de fait, avec une pièce en moins} Qxc2 34.
Nxc2 Ne7 35. Nb4 a5 36. Nd3 {[%cal Gd3f4] Les Blancs pensaient avoir fait le
plus dur en attaquant le P"f4"} f3 $1 37. g4 (37. gxf3 $6 {[%csl Rd4,Rf2,Rf3,
Rh4]}) 37... Bg7 {[%csl Gg7]} 38. b4 a4 {[%csl Ra3]} 39. Ne1 Bxd4 $19 40. Nc2
Bb2 41. Bf4 {Le B a enfin réussi à s'activer mais trop tard} Nd5 42. Bd2 Nc7
{[%cal Gc7b5,Gb5a3]} 43. b5 {Il n'y avait pas d'ajournement dans cette
dernière ronde et les Blancs vont continuer à jouer quelques coups
supplémentaires.} Nxb5 44. Bb4 d5 45. Kf1 e5 {[%csl Gd5,Ge5]} 46. Ke1 d4 {
[%emt 0:00:11] Biulletin CCC of the USSR 1984, No.15, p 11} 0-1

[Event "Rohde op 10th"]
[Site "Sautron"]
[Date "2010.10.25"]
[Round "3"]
[White "Stets, Dmitry"]
[Black "Haub, Thorsten Michael"]
[Result "1-0"]
[WhiteElo "2454"]
[BlackElo "2498"]
[Annotator "Primel,D"]
[PlyCount "133"]
[EventDate "2010.10.23"]
[EventType "swiss"]
[EventRounds "9"]
[EventCountry "FRA"]
[SourceTitle "EXT 2012"]
[Source "ChessBase"]
[SourceDate "2011.11.24"]
[SourceVersion "1"]
[SourceVersionDate "2011.11.24"]
[SourceQuality "1"]

1. e4 g6 2. d4 Bg7 3. Nf3 d6 4. Bc4 (4. Nc3 {La grande ligne} a6 5. Be3 e6 (
5... Nd7 6. Qd2 e6 7. Bd3 h6 8. h3 Ne7 9. O-O $14 {Arakhamia Grant,K (2448)
-Drazic,S (2528) Arco op Arco di Trento 2008 (5) 1-0} b6 10. Rad1) 6. Qd2 b6 7.
Be2 Bb7 8. O-O Nd7 9. Rfe1 h6 10. h3 Ne7 11. Bf1 g5 12. a4 Ng6 13. d5 e5 14.
Ne2 Nf6 15. Ng3 {[%csl Gf5];Vink,N (2335)-Radjabov,T (2483) Corus-B Wijk aan
Zee 2001 (11) 0-1}) 4... a6 5. O-O (5. Nc3) (5. a4) 5... e6 6. Re1 Ne7 {
la défence hippopotame qui est la spécialité de l'ancien vainqueur du tournoi}
7. Bb3 {Anticipant les poussées d5 et b5} ({RR} 7. Nbd2 Nd7 8. c3 b5 9. Bb3 Nb6
10. Nf1 h6 11. Ng3 O-O 12. Bf4 Bb7 13. Qe2 Nc6 14. Rad1 Qe7 15. e5 Na5 16. Bc2
Nac4 17. b3 Nd5 18. bxc4 Nxf4 19. Qe3 g5 20. c5 dxc5 21. dxc5 f5 {Parligras,M 
(2588)-Svetushkin,D (2587)/Athens 2008/CBM 125 Extra/1/2-1/2 (62)}) 7... O-O 8.
Nbd2 (8. c3) (8. Nc3) 8... Nd7 9. c3 (9. a4 c5 10. c3 $14) 9... b5 $6 $146 {
Les Noirs ne peuvent pas gagner de tempo car les Blancs n'ont pas joué Nc3 et
la poussée a4 va provoquer des concessions de la part des Noirs} ({RR} 9... b6
10. Nf1 Bb7 11. Ng3 c5 12. h4 e5 13. h5 exd4 14. cxd4 cxd4 15. Nxd4 Nc5 16. Bc2
Nc6 17. Nde2 d5 18. h6 Bh8 19. exd5 Nb4 20. Nf4 Nxd5 21. Qg4 Nxf4 22. Bxf4 Re8
23. Rxe8+ Qxe8 24. Bd6 {Brancaleoni,M (2286)-Blasco,D (2008)/Cutro 2006/CBM
111 ext/1-0 (33)}) 10. a4 $1 b4 {[%csl Gc4][%cal Gd2c4]} (10... Rb8) (10... Bb7
) 11. a5 $1 {[%csl Ra6]} (11. cxb4 Rb8 12. Nc4 Rxb4 13. Bg5 Nf6 14. Qc2 $14)
11... Rb8 12. Nf1 h6 13. Bf4 Kh7 14. Bc2 f5 {[%csl Ge1,Re6] Les Noirs ont une
position assez passive et ils tentent de réagir au centre mais au détriment de
l'affaiblissement de la case "e6"} 15. exf5 exf5 16. h4 {[%csl Gg5]} Nf6 {
[%csl Ge4,Gg4]} 17. Ng3 Ne4 $6 {[%cal Gf8f4]} (17... bxc3 $5 18. bxc3 Ne4 {
[%cal Gf8f4]} 19. c4) 18. c4 Nxg3 19. fxg3 $16 {[%csl Gf4,Gg5] Paradoxalement,
l'échange en "g3" est plutôt dans l'intérêt des Blancs qui contrôlent bien les
cases noires de l'aile-roi} Ng8 $5 {[%csl Rg4][%cal Gg8f6]} 20. b3 (20. h5 $5 {
[%cal Gc2h7] plus incisif} g5 21. Be3 {[%cal Gg3g4]} Kh8 22. Qd3 {[%csl Rh7]}
Nf6 23. d5 Nxh5 24. Nd4 $44 {[%csl Gc6,Ge6][%cal Gd4c6,Gg3g4]} Bd7 25. g4 $1)
20... Nf6 21. Qd2 {[%csl Gg5,Rh6] Les pièces blanches sont nettement mieux
coordonnées} (21. Ra4 $5 {[%cal Gf4d2,Gd2b4]}) 21... Nh5 22. Re2 Bb7 (22... Re8
{peut-être un peu meilleur} 23. Rae1 Bd7 24. Rxe8 Bxe8) 23. Rae1 $36 {[%cal
Ge2e7]} Bxf3 {La seule compensation des Noirs était le contrôle des cases
blanches "e4" et "g4" mais après cet échange, les Blancs auront un net avantage
} 24. gxf3 {[%csl Ge4,Gg4]} Qf6 25. Kg2 (25. d5 Qc3 26. Kg2 $16) 25... Rf7 (
25... Nxf4+ $142 26. Qxf4 Qxd4 27. Qxd4 Bxd4 28. Re7+ Kg8 29. Rxc7 {[%cal
Ge1e7]} Rbe8 30. Ree7 Bf6 31. Rxe8 Rxe8 32. Kf2 Bd4+) 26. Be3 f4 27. Bxf4 Qxd4
$2 (27... Nxf4+) 28. Qxd4 (28. Bxg6+ $1 Kxg6 29. Re6+ Kh7 30. Qxd4 Bxd4 31.
Rxh6+ $18) 28... Bxd4 29. Re6 Rg8 30. Bd2 Nf6 (30... Bc3 31. Bxc3 bxc3) 31.
Bxb4 (31. h5 $1 Nxh5 32. Rh1 $1 $18 {[%csl Gd2,Gh1,Rh6][%cal Gh1h5,Gc2h7]})
31... h5 32. Bd2 Kg7 33. R1e2 Be5 34. c5 $18 {Le reste de la partie est la
simple réalisation technique qui n'a pas posé de porblèmes а l'ukrainien} Rd7
35. f4 Bd4 36. Re7+ Rxe7 37. Rxe7+ Kh8 38. Rxc7 dxc5 39. Kf3 Rb8 40. Rc6 Kg7
41. Rb6 Re8 42. Rb7+ Kh8 43. Bxg6 Rd8 44. Be3 Bxe3 45. Kxe3 Rd4 46. Kf3 c4 47.
b4 c3 48. b5 axb5 49. a6 Ra4 50. a7 Ra3 51. Bc2 Ne8 52. Ke2 b4 53. Kd3 Ra1 54.
Rxb4 Rxa7 55. Rb8 Rd7+ 56. Kxc3 Re7 57. Bg6 Kg7 58. Bxe8 Re3+ 59. Kd4 Rxg3 60.
Bxh5 Rh3 61. Ke5 Rxh4 62. Bf3 Rh6 63. Rb7+ Kf8 64. f5 Rh3 65. Bd5 Re3+ 66. Kf6
Re7 67. Rb8+ 1-0

[Event "SUI-chT"]
[Site "Switzerland"]
[Date "2016.04.17"]
[Round "2.2"]
[White "Prusikin, Michael"]
[Black "Hickl, Joerg"]
[Result "1-0"]
[WhiteElo "2528"]
[BlackElo "2560"]
[Annotator "Prusikin,M"]
[PlyCount "117"]
[EventDate "2016.03.20"]
[EventType "team-tourn"]
[EventRounds "9"]
[EventCountry "SUI"]
[SourceTitle "EXT 2017"]
[Source "ChessBase"]
[SourceDate "2016.10.25"]
[SourceVersion "1"]
[SourceVersionDate "2016.10.25"]
[SourceQuality "1"]
[WhiteTeam "Wollishofen"]
[BlackTeam "Riehen"]
[WhiteTeamCountry "SUI"]
[BlackTeamCountry "SUI"]

1. e4 g6 2. d4 d6 3. Nc3 c6 4. Be3 Bg7 5. h3 Nd7 6. Nf3 b5 7. Bd3 Bb7 8. O-O
Qc7 9. Ne2 (9. Re1 {1-0 (39) Svidler,P (2713)-Shchekachev,A (2572) France 2003
CBM 095 [Avrukh,B]}) (9. a4 $5 b4 (9... a6 10. axb5 $1 cxb5 (10... axb5 11.
Rxa8+ Bxa8 12. Qa1 Bb7 13. Qa7 $18) 11. Re1 e6 12. Qd2 Ne7 13. Bg5 f6 14. Bh6
O-O 15. Bxg7 Kxg7 16. Nd1 Rae8 17. Ne3 Nb6 18. b3 f5 19. Ng5 Qd7 20. d5 exd5
21. exf5 gxf5 22. Qc3+ Kg8 23. Ng4 {1-0 (23) Shabalov,A (2529)-Dimakiling,O 
(2414) Jakarta 2011}) 10. Na2 $1 (10. Ne2 c5 $13) 10... c5 11. dxc5 dxc5 12. c3
c4 13. Be2 $14) 9... Ngf6 10. Ng3 O-O 11. Re1 (11. Qd2 $5) 11... Rfe8 (11... c5
12. c3 $14) 12. c3 e5 13. Qd2 a6 {'N'} (13... Nb6) 14. Bh6 (14. a4 $1) 14...
Bh8 (14... c5 $5) 15. a4 {'!'} Nb6 16. b3 Rad8 17. Bg5 (17. Nh2 $5) (17. Qg5 $1
$14) 17... Bg7 {'!'} 18. Nh2 {'!?' Eine strategisch sehr komplizierte Stellung.
Nicht so leicht, das richtige Konzept zu finden.} Bc8 {'?!'} (18... bxa4 19.
bxa4 a5 20. Ng4 Nxg4 21. Bxd8 Rxd8 22. hxg4 exd4 23. Ne2 dxc3 24. Nxc3 Nd7 $44)
19. Bh6 {'!?'} (19. axb5 axb5 (19... cxb5 20. d5 $14) 20. d5 $1 $14) (19. f4 $6
h6) 19... d5 (19... Bh8 20. f4 $1) 20. Bxg7 Kxg7 21. Nf3 {'!'} (21. dxe5 $5
Rxe5 22. Nf3 Nxe4 23. Qf4 Re7 24. Qxc7 Rxc7 25. a5 $1 Nd7 26. Bxe4 dxe4 27.
Nxe4 c5 28. Rad1 Bb7 $11) 21... exd4 {'?'} (21... dxe4 22. Nxe4 Nxe4 23. Rxe4
exd4 24. Rh4 $14 (24. cxd4 Rxe4 25. Bxe4 Be6 $11) 24... Kg8 (24... h5 25. cxd4
Nd5 26. Rc1 $14) 25. cxd4 f6 26. Rc1 Rd6 27. Qc2 Red8 28. axb5 axb5 29. Bxb5 g5
30. Re4 Bf5 31. Bxc6 $14) 22. e5 Ng8 (22... Ne4 23. Bxe4 dxe4 24. Nxe4 dxc3 25.
Qxc3 Nd5 26. Qc1 $16) 23. cxd4 {'+/-'} bxa4 24. bxa4 (24. b4 $5) 24... c5 25.
a5 (25. dxc5 Qxc5 26. Qf4 $16) 25... Nd7 26. Ne2 {'!?'} (26. Nh5+ gxh5 27. Qg5+
Kh8 28. Qxh5 Nf8 29. Ng5 f6 30. Nf7+ Kg7 31. Nxd8 Rxd8 {erschien mir weniger
klar, als die Partiefortsetzung.}) 26... c4 (26... cxd4 27. Nexd4 Nxe5 28. Rxe5
Rxe5 29. Rc1 $18) (26... f6 $5 27. exf6+ Ngxf6 28. dxc5 Nxc5 29. Ned4 $16) 27.
Bc2 Nf8 28. Nc3 Be6 29. Ba4 Re7 30. Reb1 Bf5 {'!'} (30... Qxa5 31. Bc6 Qc7 32.
Rxa6 $18) 31. Rb6 Re6 32. Qb2 {'?!'} (32. Rb4 $1 Qxa5 33. Qb2 $16) 32... h6 {
'?'} (32... Rxb6 33. axb6 (33. Qxb6 Qxb6 34. axb6 Ne7 $11) 33... Qb7 34. g4 Be4
(34... Bd3 35. Bd1 Ne6 36. Na4 Rb8 37. Ne1 $14) 35. Nxe4 dxe4 36. Nd2 c3 37.
Qxc3 Qxb6 38. Nxe4 Rxd4 39. Nc5 Qb4 40. Qxb4 Rxb4 41. Nxa6 Rc4 $11) 33. Rb7 Qc8
34. Qb4 {'!'} g5 {Diagramm [#]} 35. Nxd5 {'!'} Be4 (35... Rxd5 36. Rb8 Rb5 37.
Qxb5 axb5 38. Rxc8 bxa4 39. Rxa4 Ra6 40. Rcxc4 Ne7 41. Nd2 $18) 36. Rc7 {
'+-!' Den hat mein Gegner übersehen.} Qa8 37. Nb6 Qb8 38. Qxc4 Bxf3 39. gxf3
Rxd4 40. Rxf7+ Kxf7 41. Qxd4 Qxe5 42. Qxe5 Rxe5 43. Bb3+ Kg7 44. Bc4 Ne7 45.
Bxa6 Nc6 46. Nc4 Rc5 47. Ra4 Ne6 48. Bb7 Na7 49. a6 Rb5 50. Kh2 Nf4 51. Be4 Kf6
52. Ra5 Rb4 53. Ne3 Rb2 54. Nd5+ Nxd5 55. Rxd5 Ke6 (55... Rxf2+ 56. Kg3 Ra2 57.
Rd6+ Ke7 58. Rxh6 Nb5 59. Kg4 Nc7 60. Bb7 Ra5 61. Kh5 $18) 56. Rd8 Rb6 57. Bb7
Ke7 58. Ra8 Nb5 59. a7 1-0

[Event "Abu Dhabi op 24th"]
[Site "Abu Dhabi"]
[Date "2017.08.21"]
[Round "8"]
[White "Fawzy, Adham"]
[Black "Maghsoodloo, Parham"]
[Result "1-0"]
[WhiteElo "2422"]
[BlackElo "2590"]
[Annotator "Prusikin,M"]
[PlyCount "59"]
[EventDate "2017.08.14"]
[EventType "swiss"]
[EventRounds "9"]
[EventCountry "UAE"]
[SourceTitle "EXT 2019"]
[Source "ChessBase"]
[SourceDate "2018.10.10"]
[SourceVersion "1"]
[SourceVersionDate "2018.10.10"]
[SourceQuality "1"]

1. e4 {Sportlich hatte die vorliegende Partie keine große Bedeutung: ein
siebzehnjährger Ägypter, international völlig unbekannt, traf auf Brett 18
eines großen Opens in Abu Dhabi auf einen sechzehnjärigen Iraner, beide
spielten im Kampf um vordere Plätze keine Rolle mehr. Jedoch wird diese
Partie - ich wage die Prognose - in die Schachgeschichte eingehen, denn der
Anziehende schuf eine wahre Perle des Angriffsschachs! Aber sehen Sie selbst:}
g6 2. d4 Bg7 3. Nc3 d6 4. f4 a6 {Modern Defense - eine riskante aber
kämpferische Wahl, Schwarz spielt offenbar auf Gewinn, keine Überraschung
angesichts des Elounterschieds.} (4... Nf6 {führt zu der etwas solideren
Pirc-Verteidigung.}) 5. Nf3 b5 6. Bd3 Nd7 7. e5 Bb7 (7... c5 {ist deutlich
häufiger anzutreffen, führt aber beinahe forciert zu einer Stellung, wo der
Nachziehende vermutlich keine ganz ausreichende Kompensation für die fehlende
Qualität besitzt:} 8. Be4 Rb8 9. O-O cxd4 (9... b4 $5) 10. Nxd4 dxe5 (10...
Bb7 11. Bxb7 Rxb7 12. e6 $16) 11. Nc6 Qb6+ 12. Kh1 Ngf6 13. Nxb8 Qxb8 14. fxe5
Nxe5 15. Bf4 $14 {1-0 (52) Martin Clemente,J (2600)-Persson,C (2605) ICCF
email 2007}) 8. O-O c5 9. Ng5 (9. Be4 {ist die Hauptfortsetzung, aber der
Textzug ist nicht ohne Gift.}) 9... Qb6 (9... Nh6 10. f5 $1 {Igor Zaitsev, ein
sehr kreativer Denker und langjähriger Karpov-Sekundant, kennt sein Handwerk:}
cxd4 (10... dxe5 11. fxg6 hxg6 12. Rxf7 Nxf7 13. Bxg6 cxd4 14. Bxf7+ Kf8 15.
Bd5 $3 {aber nicht} (15. Ne6+ Kxf7 16. Nxd8+ Raxd8 17. Ne2 Bf6 $13) 15... Bxd5
16. Nxd5 Nc5 17. Qf3+ Bf6 18. Nxf6 exf6 19. b4 $1 Kg7 20. Qg3 $3 fxg5 21. Bxg5
Ne4 22. Qxe5+ Nf6 23. Rf1 Rf8 24. Qg3 $18) 11. fxg6 dxc3 12. gxf7+ Nxf7 13.
Nxf7 Qb6+ 14. Kh1 Qc6 15. Qg4 O-O 16. Bxh7+ Kxh7 17. Ng5+ Kg8 18. Qe6+ Rf7 19.
Qxf7+ {1-0 (19) Zaitsev,I-Adamski,J Polanica Zdroj 1970}) 10. Be4 Bxe4 11.
Ncxe4 d5 12. Nc3 $5 $146 (12. dxc5 Qc6 (12... Nxc5 13. Be3 dxe4 14. Qd5 $1 $18)
13. Nf2 Nxc5 14. Be3 Nh6 15. Nd3 Nxd3 16. cxd3 O-O 17. Rc1 Qd7 18. Bc5 Rfc8 19.
Qe2 Rc6 20. d4 f6 21. Nf3 Rac8 22. Rc3 Nf5 23. Ne1 b4 24. Rh3 a5 25. Nd3 h5 26.
b3 Qe6 27. Re1 {1/2-1/2 (27) Burnat,H-Goy,U corr 1998}) 12... e6 13. Be3 cxd4
14. Bxd4 Qc6 15. a4 $1 b4 {Hätte Schwarz geahnt, was ihm bevorsteht, hätte
er wohl} (15... bxa4 16. Nxa4 Ne7 17. Nf3 $14 {vorgezogen, aber wer rechnet in
dieser Stellung schon mit}) 16. Nb5 $3 {Ein völlig überraschendes Opfer,
dessen Idee sich einem auch nicht sofort erschließt, nachdem man den Zug
gesehen hat.} axb5 17. axb5 Qb7 18. Rxa8+ Qxa8 {Und nun? Wofür hat Weiß
eigentlich die Figur gegeben?} 19. f5 $3 {Der nächste Hammer, eine
Links-rechts-Kombination, wie der Boxer sagt :)} Nxe5 (19... gxf5 20. Qh5 $18)
(19... exf5 20. e6 $18) (19... Bxe5 20. fxe6 fxe6 21. Nf7 $18) 20. fxe6 f6 21.
Bxe5 fxe5 22. Rf7 Bf8 23. Nxh7 (23. Qf1 Bc5+ 24. Kh1 Ne7 25. b6 Qc6 26. Qf6 $1
Rg8 27. Rxe7+ Bxe7 28. Qf7+ Kd8 29. Qxg8+ Qe8 30. Nf7+ $18 {lautete die
"Nebenlösung".}) 23... Bc5+ 24. Kh1 Ne7 {Ähnliche Motive, eventuell sogar in
noch schönerer Ausführung hätte Fawzy nach diesem Verteidigungszug
demonstrieren müssen:} (24... Be7 25. b6 $1 Kd8 (25... Nh6 26. Nf6+ Bxf6 27.
b7 Qb8 28. Qxd5 Nxf7 29. Qd7+ Kf8 30. Qxf7#) 26. Qf1 Nh6 27. Qb5 Qb7 28. Rf1 $3
{Wunderschöne Geometrie, der Turm schwenkt zur a-Linie!} Rxh7 29. Ra1 Bf8 30.
Ra7 Nf5 31. Rxb7 Rxb7 32. Qxd5+ Nd6 33. Qc5 $18) 25. Qf1 $3 {Droht 26.Tf8+
"schielt" aber gleichzeitig nach b5 - die Dame in voller Pracht!} Nf5 26. b6 $3
Qc6 27. b7 Ba7 28. Qxf5 $1 {nicht die einzige aber die spektakulärste und
gelichzeitig die überzeugendste Lösung!} gxf5 29. Nf6+ Kd8 30. e7+ {Was für
eine Partie! Die moderne "Unsterbliche"!} 1-0

[Event "Cappelle op 31st"]
[Site "Cappelle la Grande"]
[Date "2015.02.28"]
[Round "1"]
[White "Yagupov, Igor"]
[Black "Gharamian, Tigran"]
[Result "0-1"]
[WhiteElo "2408"]
[BlackElo "2651"]
[Annotator "RR"]
[PlyCount "164"]
[EventDate "2015.02.28"]
[EventType "swiss"]
[EventRounds "9"]
[EventCountry "FRA"]
[SourceTitle "EXT 2016"]
[Source "ChessBase"]
[SourceDate "2015.10.08"]
[SourceVersion "1"]
[SourceVersionDate "2015.10.08"]
[SourceQuality "1"]

1. e4 g6 2. d4 Bg7 3. Nc3 a6 4. f4 (4. Be3) (4. a4) 4... d5 $1 5. Nxd5 (5. e5
h5 6. Nf3 Bg4 7. h3 Bxf3 8. Qxf3 e6 9. g3 Ne7 10. Be3 Nbc6 11. g4 Qd7 12. O-O-O
O-O-O 13. Bd3 hxg4 14. hxg4 f6 15. exf6 Bxf6 16. Qf2 Qd6 17. a3 Kb8 18. Kb1
Rdf8 19. Ne2 Na5 20. Bd2 Nac6 21. Bc1 Bg7 22. Qe3 Na5 23. Rhe1 Nac6 24. Rh1 Na5
25. Bd2 Nc4 26. Bxc4 dxc4 27. Rxh8 Rxh8 28. Re1 Qc6 29. Bc1 Rh4 30. f5 Rxg4 31.
fxe6 Re4 32. Qf3 Rxe6 33. Qf7 Nd5 34. Qxg7 Ka7 {Hou,Y (2673)-Rapport,R (2716)
Caleta 2015 1-0}) (5. exd5 Nf6 6. Bc4 b5 7. Bb3 Bb7 $132) 5... e6 {Récupère
le P} 6. Ne3 Qxd4 7. Qxd4 Bxd4 8. Nf3 Bg7 9. Nc4 $6 $146 (9. e5 b6 10. a4 Bb7
11. Be2 Nc6 12. Bd2 Nge7 13. b4 a5 14. b5 Nb4 15. c3 Nbd5 16. Nc2 c5 17. Na3
O-O 18. Nc4 Rad8 19. O-O-O f6 20. Rhf1 h6 21. exf6 Bxf6 22. Nfe5 Kg7 23. Bf3
Ba8 24. Kc2 Bxe5 25. Nxe5 Nf5 26. Rfe1 Nc7 27. Bxa8 Rxa8 28. Nd7 Rfe8 29. Nxb6
Rab8 30. Nd7 Rbc8 31. g4 {1-0 (31) Firat,B (2385)-Ten Hertog,H (2374) Wijk aan
Zee 2014}) 9... b6 10. Be2 Bb7 11. e5 Ne7 12. Bd2 O-O 13. O-O-O Rd8 14. Be3 Nd5
15. Bf2 Nd7 16. g3 Bf8 $1 17. Rhe1 Nc5 18. Nfd2 Nb4 19. a3 Nc6 20. Bf3 b5 21.
Ne3 {La nouveauté Nc4 n'a rien donné} Kg7 22. Ng4 a5 $36 23. Nb3 Nxb3+ 24.
cxb3 Be7 25. Be3 a4 26. b4 Na5 $1 27. Bxb7 Nxb7 28. Nf2 c5 $15 29. bxc5 Bxc5
30. Bxc5 Nxc5 31. Rxd8 Rxd8 32. Rd1 Nb3+ 33. Kc2 Rc8+ 34. Kd3 Na5 35. Re1 Rd8+
36. Kc3 Rc8+ 37. Kd3 Rd8+ 38. Kc3 Rc8+ {Une répétition pour passer le
contrôle de temps} 39. Kd3 Rd8+ {C'est la 03ème fois que cette position est
jouée mais les Noirs ne veulent pas demander la nulle et les Blancs ne le
peuvent pas.} 40. Kc3 {Les Blancs avaient à ce moment le droit d'arrêter la
pendule et d'appeler l'arbitre pour demander la nulle avant de jouer Rc3 qui
répète la position pour la 03ème fois.} Rc8+ 41. Kd3 b4 $5 42. axb4 Nc6 43.
Re4 Ne7 44. Kd2 Nd5 $44 45. Nd3 Ra8 46. Kc2 a3 47. Kb1 h5 48. Rc4 h4 {
Continuant de jouer pour le gain.} 49. gxh4 (49. bxa3 Rxa3 50. Rd4 hxg3 51.
hxg3) 49... axb2 50. Kxb2 Rh8 $36 51. Rc2 Rxh4 52. b5 Rh3 53. Rd2 Rf3 54. Kb3
Nxf4 55. Kc4 Nd5 56. Kc5 {le P passé est dangereux et le K Noir manque
d'activité} Nc3 57. Kc4 Nd5 58. Kc5 Nc3 59. Kc4 Nd5 60. Rb2 Nb6+ 61. Kd4 Rh3
62. Ra2 g5 63. Ra7 (63. Ra6 $2 Rh4+ 64. Ke3 Nd5+ {[%csl Re3]}) 63... Rxh2 64.
Kc5 Nd5 65. Nb4 Nxb4 66. Kxb4 Rb2+ $1 {Gagne un tempo important et la Rb2
placée derrière le P va donner une meilleure finale au français} 67. Kc5 Kg6
68. Ra4 Kf5 69. Ra7 Kxe5 70. Rxf7 Rc2+ (70... g4 71. b6 g3) 71. Kb4 g4 72. b6
g3 73. b7 Rb2+ 74. Kc5 g2 75. Rg7 Rxb7 $1 76. Rxg2 Rc7+ $1 {Avec un K coupé,
les Blancs vont rapidement abandonner} 77. Kb4 Kf4 78. Rg1 e5 $19 79. Rf1+ Kg3
80. Re1 Re7 81. Kc4 Kf2 82. Ra1 e4 0-1

[Event "Vandoeuvre op 11th"]
[Site "Vandoeuvre"]
[Date "2014.12.27"]
[Round "3"]
[White "Narciso Dublan, Marc"]
[Black "Haub, Thorsten Michael"]
[Result "1/2-1/2"]
[WhiteElo "2515"]
[BlackElo "2429"]
[Annotator "RR"]
[PlyCount "85"]
[EventDate "2014.12.26"]
[EventType "swiss"]
[EventRounds "9"]
[EventCountry "FRA"]
[SourceTitle "EXT 2017"]
[Source "ChessBase"]
[SourceDate "2016.10.25"]
[SourceVersion "1"]
[SourceVersionDate "2016.10.25"]
[SourceQuality "1"]

1. e4 {01h30} g6 2. Nc3 Bg7 3. g3 b6 4. Bg2 Bb7 5. d4 d6 6. Be3 (6. Nge2 {
La grande ligne} e6) 6... Nd7 (6... Nf6 7. h3 c5 {Novikov,S (2513)-Ianov,V 
(2342) Rodatychi op 2006 (5) 1-0} (7... Qc8)) 7. Qd2 Ngf6 8. Bh6 Bxh6 $1 9.
Qxh6 e5 10. d5 {76} Qe7 {63} 11. Nge2 a5 12. Nc1 Ng4 13. Qd2 h5 14. Nd3 Ba6 $1
15. f3 {48} Ngf6 {41} 16. h4 Nc5 {Malgré l'avantage d'espace des Blancs, la
position Noire reste solide} 17. O-O-O {36} Nfd7 {26 Les deux adversaires vont
être rapidement en zeitnot} 18. Bf1 $1 {Les Blancs veulent échanger le
mauvais B} Nxd3+ 19. Bxd3 Nc5 20. Bxa6 {25} Nxa6 {14} 21. Rhf1 {[%cal Gf3f4]} (
21. f4 O-O-O (21... f6 22. Qd3 Nc5 23. Qb5+)) 21... O-O-O 22. f4 f6 23. Rf3 {19
} Nc5 {8} 24. Rdf1 exf4 25. Rxf4 (25. gxf4 $5 Nxe4 (25... f5 26. exf5 gxf5) 26.
Qe2 f5 27. Qa6+ Kd7 28. Qb5+ Kc8 29. Qa6+ Kb8 30. Nb5 Nc5 31. Qa7+ Kc8 32. a3 {
[%cal Gb2b4]}) 25... Qe5 26. Qf2 {9} Rhf8 {4} 27. Qf3 Kb7 28. Rxf6 Rxf6 {
02 minutes pour passer le contrôle de temps} 29. Qxf6 Qxf6 30. Rxf6 $16 Rg8
31. Rf7 $36 {[%csl Rc7][%cal Gc3b5]} g5 32. Nb5 (32. e5 $1 dxe5 33. d6) 32...
Nxe4 33. hxg5 Rxg5 34. Rxc7+ Kb8 35. Rc6 $2 (35. c4 Rxg3 36. Rh7 Rg5 37. a3 $36
) 35... h4 36. Rxb6+ Ka8 37. g4 h3 $2 (37... Rxg4 38. Nxd6 Rg1#) 38. Nc7+ Ka7
39. Rb3 Rxg4 40. Nb5+ Ka6 41. Nc7+ Ka7 42. Nb5+ Ka6 43. Nc7+ 1/2-1/2